| 000 | 00840nam a22002057a 4500 | ||
|---|---|---|---|
| 999 |
_c9963 _d9963 |
||
| 003 | AR-CdUCM | ||
| 008 | 190329b ||||| |||| 00| 0 spa d | ||
| 040 |
_aMUNICIPALIDAD PROVINCIAL DEL CUSCO _cBIBLIOTECA MUNICIPAL DEL CUSCO |
||
| 082 |
_a808.5 / _bR72A / 1943 |
||
| 100 |
_aRoca, Rosa _926523 |
||
| 245 | _aEl arte de la declamación y su influencia pedagógica / | ||
| 260 |
_aLima : _bTal. de Linotipia, _c1943. |
||
| 300 |
_a180 páginas ; _c21 cm. |
||
| 505 | _aContenido: Historia de la declaración a través de la antigüedad, edad media y tiempos modernos -- La declaración en España -- Recitales poéticos en el Perú -- La lengua literaria de Castilla -- La poesía y sus diferentes géneros ... | ||
| 650 |
_aLiteratura _983 |
||
| 650 |
_aOratoria _91271 |
||
| 650 |
_aSiglo XX _98 |
||
| 942 |
_2ddc _cLIBROS |
||
| 945 | _aachl | ||